Statistics for Airport Codes

Click here to take the quiz!

General Stats

  • This quiz has been taken 23 times
  • The average score is 19 of 50

Answer Stats

AirportIATA Code% Correct
Paris Charles de Gaulle AirportCDG
100%
Denver International AirportDEN
100%
Los Angeles International AirportLAX
100%
Istanbul AirportIST
92%
San Diego International AirportSAN
92%
Mexico City International AirportMEX
85%
Singapore Changi AirportSIN
85%
Helsinki-Vantaa AirportHEL
77%
Beijing Capital International AirportPEK
77%
Bristol AirportBRS
69%
Fès-Saïss AirportFEZ
62%
Tokyo International AirportHND
62%
London City AirportLCY
54%
Kuwait International AirportKWI
46%
Václav Havel Airport PraguePRG
46%
Vancouver International AirportYVR
46%
Kansai International AirportKIX
38%
Xiamen Gaoqi International AirportXMN
38%
Khartoum International AirportKRT
31%
Sanaa International AirportSAH
31%
Tangier Ibn Battuta AirportTNG
31%
Kempegowda International AirportBLR
23%
Soekarno-Hatta International AirportCGK
23%
Zhengzhou Xinzheng International AirportCGO
23%
Bandaranaike International AirportCMB
23%
Ministro Pistarini International AirportEZE
23%
King Abdulaziz International AirportJED
23%
Boryspil International AirportKBP
23%
Jorge Chávez International AirportLIM
23%
King Khalid International AirportRUH
23%
Ben Gurion International AirportTLV
23%
Amderma AirportAMV
15%
Guangzhou Baiyun International AirportCAN
15%
Changsha Huanghua International AirportCSX
15%
Zvartnots International AirportEVN
15%
Vágar AirportFAE
15%
Nuuk AirportGOH
15%
Honiara International AirportHIR
15%
Niue International AirportIUE
15%
Jinnah International AirportKHI
15%
Chișinău International AirportKIV
15%
Lviv Danylo Halytskyi International AirportLWO
15%
La Chinita International AirportMAR
15%
Reykjavík AirportRKV
15%
Rock Sound International AirportRSD
15%
Suzhou Guangfu AirportSZV
15%
São Tomé International AirportTMS
15%
Chinggis Khaan International AirportUBN
15%
Vinh International AirportVII
15%
Xi’an Xianyang International AirportXIY
15%

Score Distribution

Percentile by Number Answered

Percent of People with Each Score

Your Score History

You have not taken this quiz